| 000 -LEADER |
| fixed length control field |
01120nam a2200241Ia 4500 |
| 001 - CONTROL NUMBER |
| control field |
9961 |
| 003 - CONTROL NUMBER IDENTIFIER |
| control field |
GE_BSU |
| 008 - FIXED-LENGTH DATA ELEMENTS--GENERAL INFORMATION |
| fixed length control field |
181216s||||||||xx |||||||||||||| ||und|| |
| 040 ## - CATALOGING SOURCE |
| Transcribing agency |
GE_BSU |
| 080 ## - UNIVERSAL DECIMAL CLASSIFICATION NUMBER |
| Universal Decimal Classification number |
821.353.1–32 |
| 100 ## - MAIN ENTRY--PERSONAL NAME |
| Personal name |
ნინოშვილი,ეგ. |
| 245 ## - TITLE STATEMENT |
| Title |
გოგია უიშვილი.განკარგულება.პალიასტომის ტბა |
| 245 ## - TITLE STATEMENT |
| Remainder of title |
მოსე მწერალი. მოთხრობები |
| 245 ## - TITLE STATEMENT |
| Statement of responsibility, etc. |
მხატვ.ელ.ახვლედიანირედ.გრ.შარაშიძე.მ.დუდუჩავა |
| 260 ## - PUBLICATION, DISTRIBUTION, ETC. |
| Place of publication, distribution, etc. |
ტფილისი |
| 260 ## - PUBLICATION, DISTRIBUTION, ETC. |
| Name of publisher, distributor, etc. |
სახელგამის საბავ.და ახალგ.სექტორი |
| 260 ## - PUBLICATION, DISTRIBUTION, ETC. |
| Date of publication, distribution, etc. |
1934 |
| 300 ## - PHYSICAL DESCRIPTION |
| Extent |
89გვ.ნახ.23სმ. |
| 520 ## - SUMMARY, ETC. |
| Summary, etc. |
დასურათ.გარეკანი |
| 653 ## - INDEX TERM--UNCONTROLLED |
| Uncontrolled term |
გოგია უიშვილი.განკარგულება.პალიასტომის ტბა |
| 653 ## - INDEX TERM--UNCONTROLLED |
| Uncontrolled term |
მოსე მწერალი. მოთხრობები |
| 942 ## - ADDED ENTRY ELEMENTS (KOHA) |
| Koha item type |
წიგნი |